Music Quiz

Random Music or Song Quiz

Figure out the love song Quiz Stats

 Plays Quiz not verified by Sporcle

Score 0/115 Timer 10:00
0 Plays Today
% Correct
you,
95.1%
you
95.1%
you,
95.1%
you
95.1%
you,
95.1%
you
95.1%
you,
95.1%
you
95.1%
you
95.1%
you
95.1%
you
95.1%
you
95.1%
you,
95.1%
you
95.1%
you,
95.1%
you
95.1%
love
92.2%
love
92.2%
love
92.2%
love
92.2%
me
76.5%
me
76.5%
me
76.5%
me
76.5%
me
76.5%
me
76.5%
I
66.7%
I
66.7%
I
66.7%
I
66.7%
I
66.7%
I
66.7%
I
66.7%
I
66.7%
I
66.7%
I
66.7%
I
66.7%
I
66.7%
will
52.5%
% Correct
will
52.5%
will
52.5%
will
52.5%
I'm
50%
I'm
50%
I'm
50%
I'm
50%
I'm
50%
I'm
50%
like
48.5%
like
48.5%
like
48.5%
like
48.5%
always
48.5%
always
48.5%
always
48.5%
always
48.5%
like
48.5%
like
48.5%
with
43.6%
with
43.6%
with
43.6%
with
43.6%
with
43.6%
with
43.6%
am
42.2%
am
42.2%
am
42.2%
am
42.2%
am
42.2%
am
42.2%
make
32.4%
feel
32.4%
make
32.4%
feel
32.4%
make
32.4%
feel
32.4%
make
32.4%
feel
32.4%
% Correct
make
32.4%
feel
32.4%
make
32.4%
feel
32.4%
say,
27%
alone
17.6%
alone
17.6%
alone
17.6%
alone
17.6%
alone
17.6%
alone
17.6%
stay,
16.2%
away,
15.7%
Whenever
14.2%
again
14.2%
Whenever
14.2%
again
14.2%
Whenever
14.2%
again
14.2%
Whenever
14.2%
again
14.2%
Whenever
14.2%
again
14.2%
Whenever
14.2%
again
14.2%
young
12.3%
far
12.3%
free
11.3%
whole
10.3%
However
9.8%
However
9.8%
long
9.3%
words
8.8%
home
8.3%
Whatever
7.4%
fun
5.4%
clean
4.4%

You're not logged in!

Compare scores with friends on all Sporcle quizzes.
OR
Log In

Show Comments

Extras

Created Nov 30, 2010ReportNominate
Tags:Song Quiz, love

Top Quizzes Today


Score Distribution

Your Account Isn't Verified!

In order to create a playlist on Sporcle, you need to verify the email address you used during registration. Go to your Sporcle Settings to finish the process.

Report this User

Report this user for behavior that violates our Community Guidelines.

Details: